[Event "Moscow op-B"]
[Site "Moscow"]
[Date "2009.02.08"]
[Round "9"]
[White "Tangatarov, Timur"]
[Black "Medvedev, Nikolai"]
[Result "1-0"]
[WhiteElo "2121"]
[BlackElo "1963"]
[PlyCount "54"]
[EventDate "2009.01.31"]
[EventType "swiss"]
[EventRounds "9"]
[EventCountry "RUS"]
[SourceTitle "EXT 2012"]
[Source "ChessBase"]
[SourceDate "2011.11.24"]
[SourceVersion "1"]
[SourceVersionDate "2011.11.24"]
[SourceQuality "1"]

1. e4 c5 2. Nf3 d6 3. d4 cxd4 4. Nxd4 Nf6 5. Nc3 a6 6. Bg5 e6 7. f4 Be7 8. Qf3 Qc7 9. 0-0-0 Nbd7 10. g4 b5 11. Bxf6 gxf6 12. f5 e5 13. Nd5 Qb7 14. Nb3 a5 15. Bxb5 a4 16. Nd2 Bd8 17. Nc4 Qb8 18. Qa3 0-0 19. Nxd6 Nb6 20. h4 Nxd5 21. Rxd5 Be7 22. g5 Bb7 23. gxf6 Bxf6 24. Nxb7 Qxb7 25. Qd6 Bg7 26. Bc6 Qb6 27. Bxa8 Qe3+ 1-0

[Event "Moscow op-B 04th"]
[Site "Moscow"]
[Date "2008.02.05"]
[Round "4"]
[White "Medvedev, Nikolai"]
[Black "Murzin, Lenar"]
[Result "0-1"]
[WhiteElo "1983"]
[BlackElo "2203"]
[PlyCount "124"]
[EventDate "2008.02.02"]
[EventType "swiss"]
[EventRounds "9"]
[EventCountry "RUS"]
[SourceTitle "CBM 122 Extra"]
[Source "ChessBase"]
[SourceDate "2008.03.04"]
[SourceVersion "1"]
[SourceVersionDate "2008.03.04"]
[SourceQuality "1"]

1. e4 c5 2. Nf3 e6 3. d4 cxd4 4. Nxd4 a6 5. Nc3 Qc7 6. Be3 Nc6 7. Qd2 Nf6 8. f3 b5 9. g4 d6 10. g5 Nd7 11. f4 Bb7 12. Bg2 Na5 13. 0-0-0 Nc4 14. Qf2 Nxe3 15. Qxe3 Rc8 16. Rd2 Nb6 17. Qh3 Nc4 18. Re2 Be7 19. g6 Bf6 20. gxf7+ Qxf7 21. Qxe6+ Qxe6 22. Nxe6 Bxc3 23. bxc3 Rg8 24. Rd1 Ke7 25. Bh3 Rb8 26. Nc7 Kd8 27. Nd5 Bxd5 28. Rxd5 Kc7 29. Rh5 h6 30. Be6 Rgf8 31. Bxc4 bxc4 32. f5 Rbe8 33. Kd2 Re5 34. Rh4 Kc6 35. Rg2 Rf7 36. Rf4 Kc5 37. h4 Rfe7 38. f6 gxf6 39. Rxf6 Rh5 40. Rf5+ Re5 41. Rxh5 Rxh5 42. Rg4 d5 43. Ke3 dxe4 44. Rxe4 a5 45. a4 Kd5 46. Kf3 Rf5+ 47. Ke3 Rf1 48. Rd4+ Kc5 49. Ke4 Rh1 50. Kf5 Rh3 51. Ke5 Re3+ 52. Kf4 Rxc3 53. Re4 Kb4 54. Kf5 Kxa4 55. Kg6 Rxc2 56. Kxh6 Kb3 57. h5 a4 58. Kg5 Rg2+ 59. Kf5 Rh2 60. Kg6 c3 61. h6 a3 62. h7 a2 0-1

[Event "Moscow op 03rd"]
[Site "Moscow"]
[Date "2007.01.27"]
[Round "1"]
[White "Medvedev, Nikolai"]
[Black "Krivoborodov, Egor"]
[Result "0-1"]
[WhiteElo "2012"]
[BlackElo "2380"]
[PlyCount "36"]
[EventDate "2007.01.27"]
[EventType "swiss"]
[EventRounds "9"]
[EventCountry "RUS"]
[SourceTitle "CBM 116 Extra"]
[Source "ChessBase"]
[SourceDate "2007.03.07"]
[SourceVersion "1"]
[SourceVersionDate "2007.03.07"]
[SourceQuality "1"]

1. e4 c5 2. Nf3 Nc6 3. d4 cxd4 4. Nxd4 g6 5. Be3 Bg7 6. Nc3 Nf6 7. f3 0-0 8. Qd2 d5 9. 0-0-0 dxe4 10. Nxe4 Nxe4 11. fxe4 Bxd4 12. Bxd4 Bg4 13. Be2 Bxe2 14. Qxe2 Nxd4 15. Qe3 e5 16. c3 Qc7 17. Rxd4 exd4 18. Qxd4 Qf4+ 0-1